Pays ayant plus de 50 millions d'habitants - Statistiques

Statistiques générales
  • Ce quiz a été pris 106 702 fois
    72 167 depuis la dernière actualisation
  • Le résultat moyen est 22 sur 31
Statistiques - réponses
Depuis Millions Pays % Correct
-100 1 427 Chine
99%
1965 69,1 France
99%
1880 349 États-Unis
98%
500 1 451 Inde
98%
1825 145 Russie
96%
1893 84,5 Allemagne
94%
1949 212 Brésil
94%
1911 124 Japon
91%
1969 131 Mexique
88%
1948 69,7 Royaume-Uni
85%
1962 59,3 Italie
81%
2006 64,0 Afrique du Sud
79%
2000 109 Rép. dém. du Congo
77%
1916 283 Indonésie
76%
1985 117 Égypte
74%
1963 251 Pakistan
74%
1965 233 Nigeria
71%
2013 51,7 Corée du Sud
67%
1984 87,5 Turquie
67%
1985 71,7 Thaïlande
64%
1985 91,6 Iran
62%
1978 101 Viêt Nam
61%
1959 174 Bangladesh
60%
2019 52,9 Colombie
59%
1991 132 Éthiopie
51%
1982 116 Philippines
51%
2022 50,5 Soudan
43%
2018 56,5 Kenya
41%
2014 68,7 Tanzanie
35%
2012 54,5 Birmanie
30%
2024 50,1 Ouganda
17%
Aucun quiz correspondant
Distribution des résultats
% des personnes avec chaque résultat
Percentile par nombre de réponses
Votre historique - résultats
Vous n’avez pas pris ce quiz depuis la dernière actualisation